000 00468cam a2200181ua 4500
020 _c15.00
041 _amal
_h
082 _a930
_bJAV/CH
100 _aJawaharlal, Nehru .
245 _aViswa charithravalogam /
_cJawaharlal Nehru.
_hTextual Documents
250 _a1 /
_b.
260 _aCalicut :
_bMathrubhumi Printing & Publishing Companty Ltd ,
_c1961.
300 _a1631 ; .
365 _a15.00
504 _a
942 _cBK
999 _c6014
_d6014